Central Library OPAC University of Rajshahi

শরৎ-প্রতিভা / (Record no. 49114)

MARC details
000 -LEADER
fixed length control field 00937nam a2200229 a 4500
001 - CONTROL NUMBER
control field 49114
003 - CONTROL NUMBER IDENTIFIER
rucl marc code BD-RjUL
005 - DATE AND TIME OF LATEST TRANSACTION
control field 20211209054633.0
008 - FIXED-LENGTH DATA ELEMENTS--GENERAL INFORMATION
fixed length control field 160817s1930 ii ||||| |||| 00| 0 ben d
020 ## - INTERNATIONAL STANDARD BOOK NUMBER
Terms of availability : Tk. 1.00
035 ## - SYSTEM CONTROL NUMBER
System control number (BD-RjUL)49233
040 ## - CATALOGING SOURCE
Original cataloging agency BD-RjUL
Language of cataloging ben
Transcribing agency BD-RjUL
041 ## - LANGUAGE CODE
Language code of text/sound track or separate title ben
082 ## - DEWEY DECIMAL CLASSIFICATION NUMBER
Edition number 23
Classification number 891.4409
Author mark and year SES 1930
100 ## - MAIN ENTRY--PERSONAL NAME
Personal name সেনগুপ্ত, সুবোধচন্দ্র.
9 (RLIN) 147717
245 10 - TITLE STATEMENT
Title শরৎ-প্রতিভা /
Statement of responsibility, etc. সুবোধচন্দ্র সেনগুপ্ত
260 ## - PUBLICATION, DISTRIBUTION, ETC. (IMPRINT)
Place of publication, distribution, etc. কলিকাতা :
Name of publisher, distributor, etc. বিভূতিভূষণ চট্টোপাধ্যায়,
Date of publication, distribution, etc. ১৯৩০ (১৩৩৭)
300 ## - PHYSICAL DESCRIPTION
Pagination [৬], ১১০ পৃ. ;
Size ১৬ সেমি.
650 ## - SUBJECT ADDED ENTRY--TOPICAL TERM
Topical term or geographic name as entry element বাংলা সাহিত্য
General subdivision ইতিহাস ও সমালোচনা
9 (RLIN) 147718
Topical term or geographic name as entry element Bengali Literature
General subdivision History and Criticism
9 (RLIN) 147719
942 ## - ADDED ENTRY ELEMENTS (KOHA)
Source of classification or shelving scheme Dewey Decimal Classification
Koha item type Books
Holdings
Lost status Source of classification or shelving scheme Damaged status Not for loan Collection code Permanent Location Current Location Shelving location Date acquired Source of acquisition Total Checkouts Full call number Date last seen Copy number Koha item type
  Dewey Decimal Classification     Non-fiction Central Library, University of Rajshahi Central Library, University of Rajshahi   10/07/1990 Sawkat Osman, Dhaka   B 891.4409 SES 1930 17/08/2016 C-2 Books